| 000 | 00879nam a2200313Ia 4500 | ||
|---|---|---|---|
| 008 | 160803s9999 xx 000 0 und d | ||
| 020 | _a9780439418171 | ||
| 100 | _aJennings, Sharon | ||
| 245 | _aFranklin's reading club / | ||
| 245 | _cSharon Jennings ; illustrated by Sean Jeffrey, Mark Koren, Alice Sinker. | ||
| 260 | _aNew York : | ||
| 260 | _bScholastic Inc. | ||
| 260 | _c2003 | ||
| 300 | _a32 pages : | ||
| 300 | _bcolor illustrations ; | ||
| 300 | _c23 cm. | ||
| 440 | _aKids can read! | ||
| 650 | _aAnimals -- | ||
| 650 | _aBooks and reading -- | ||
| 650 | _aClubs -- | ||
| 650 | _aFranklin (Fictitious character : Bourgeois) -- | ||
| 650 | _aTurtles -- | ||
| 650 | _xJuvenile fiction. | ||
| 650 | _xJuvenile fiction. | ||
| 650 | _xJuvenile fiction. | ||
| 650 | _xJuvenile fiction. | ||
| 650 | _xJuvenile fiction. | ||
| 700 | _a250 | ||
| 999 |
_c299053 _d299053 |
||